Biblioteca y Centro de Documentación

Le vieillissement de la populaction active (Registro nro. 33114)

Detalles MARC
000 -CABECERA
Longitud fija campo de control 00923naa a2200277 c 4500
001 - NÚMERO DE CONTROL
Número de control 33114
003 - IDENTIFICADOR DE NÚMERO DE CONTROL
Identificador del número de control ES-MaCES
005 - FECHA Y HORA DE LA ÚLTIMA TRANSACCIÓN
Fecha y hora de la última transacción 20030505101600.0
008 - CAMPO FIJO DE DESCRIPCIÓN FIJA--INFORMACIÓN GENERAL
Códigos de información de longitud fija   030505n2002 fr d t 000 | fre d
035 ## - NÚMERO DE CONTROL DEL SISTEMA
Número de control del sistema CES20030000189v
040 ## - FUENTE DE CATALOGACIÓN
Centro catalogador de origen ES-MaCES
Lengua de catalogación spa
Centro transcriptor ES-MaCES
100 1# - ENCABEZAMIENTO PRINCIPAL--NOMBRE PERSONAL
Nombre de persona Blanchet, Didier
9 (RLIN) 7831
245 13 - MENCIÓN DE TÍTULO
Título Le vieillissement de la populaction active
Resto del título : ampleur et incidence
500 ## - NOTA GENERAL
Nota general Resumen
504 ## - NOTA DE BIBLIOGRAFÍA, ETC.
Nota de bibliografía, etc. Bibliografía: p. 137-138
650 #4 - ASIENTO SECUNDARIO DE MATERIA--TÉRMINO DE MATERIA
Término de materia o nombre geográfico como elemento inicial Francia
9 (RLIN) 26943
650 #4 - ASIENTO SECUNDARIO DE MATERIA--TÉRMINO DE MATERIA
Término de materia o nombre geográfico como elemento inicial tasa de actividad de mano de obra
9 (RLIN) 29463
650 #4 - ASIENTO SECUNDARIO DE MATERIA--TÉRMINO DE MATERIA
Término de materia o nombre geográfico como elemento inicial mano de obra
9 (RLIN) 28295
650 #4 - ASIENTO SECUNDARIO DE MATERIA--TÉRMINO DE MATERIA
Término de materia o nombre geográfico como elemento inicial envejecimiento de la población
9 (RLIN) 30614
650 #4 - ASIENTO SECUNDARIO DE MATERIA--TÉRMINO DE MATERIA
Término de materia o nombre geográfico como elemento inicial dinámica poblacional
9 (RLIN) 28510
653 10 - TÉRMINO DE INDEXACIÓN--NO CONTROLADO
Término no controlado Empleo
773 0# - ENTRADA DE DOCUMENTO FUENTE
Título Economie et statistique
Parte(s) relacionada(s) nº 355-356 (2002){10700 R. 050607}; p. 123-138
Número de control del registro relacionado (ES-MaCES)25701
Itemnumber del ítem fuente 69066
902 ## - CES. TIPO DE DOCUMENTO
Tipodoc (006$c Sirtex) ART Artículo de revista
942 ## - ELEMENTOS KOHA
Fuente de clasificaión o esquema Clasificación propia del CES
Koha [por defecto] tipo de item Artículos (1982-2017)
Parte de clasificación 2.1.

No hay ítems disponibles.

© CES, Consejo Económico y Social de España 2021